00441nam a2200145Ia 4500008004100000020001800041082001400059100002400073245002100097260001200118500001500130942000700145952012800152999001500280260604s9999 xx 000 0 und d a9780143473916 a158.1 TRE aNick trenton935957 0aMaster Your Life bPenguin aPsychology cBK 00104070aIIMVbIIMVcGENERALd2026-06-04g299.00l0o158.1 TREp004416r2026-06-04 10:21:41v299.00w2026-06-04yBKBTRE c8798d8798